| 000 | 012230000a22002050004500 | ||
|---|---|---|---|
| 020 | _a978-987-1355-15-0 | ||
| 082 | 0 | 4 | _aG 304.8 V862v |
| 245 | 1 | 0 | _aVivir y servir en el exilio : lecturas teológicas de la experiencia latina en Estados Unidos / Editado por Jorge E. Maldonado y Juan Francisco Martínez ; dirigido por C. René Padilla |
| 260 | _aFlorida : Kairós | ||
| 300 | _a229 p. | ||
| 440 | 0 | _aCol. FTL ; no. 29 | |
| 505 | 0 | 0 | _aLos latinos como inmigrantes -- Migración y familia -- El ministerio a personas sin permiso oficial de permanencia en los Estados Unidos -- Una iglesia solidaria con inmigrantes -- La protección de Dios a los inmigrantes -- ¿Indocumentados, Ilegales o no regulados? -- Los latinos como estaudinenses -- Testimonios: relato, agencia y la mujer latina -- Relaciones entre México-americanos -- Las iglesia Latinas -- Mujer hispana/Latina llamada |
| 600 | 1 | 4 | _aPadilla, C. René, Dir. |
| 650 | 1 | 4 | _aMIGRACIONES - AMERICA LATINA \ MIGRACIONES AMERICA LATINA \ MIGRACION HUMANA - AMERICA LATINA \ MIGRACIONES AMERICA LATINA - MISIONES |
| 001 | 676 | ||
| 942 | _cBK | ||
| 999 |
_c32155 _d32155 |
||
| 336 |
_atexto _btxt _2rdacontent |
||
| 337 |
_2rdamedia _asin mediación _bn |
||
| 338 |
_2rdacarrier _avolumen _bnc |
||